| 000 | 00659nam a2200205Ia 4500 | ||
|---|---|---|---|
| 005 | 20231122143413.0 | ||
| 008 | 131103s9999 xx 000 0 und d | ||
| 040 | _aLoreto College | ||
| 041 | _aEnglish | ||
| 082 |
_a327 _bGYO |
||
| 245 |
_aProblems in the international relations _c[ edited by] Andrew Gyorgy and Hubert J. Gibbs |
||
| 260 |
_aNew York _bPrentice-Hall _cc1955 |
||
| 300 |
_axiii,330 p. _b ill.,2 charts,20 maps,3 tables |
||
| 504 | _aIncludes bibliographical references and index | ||
| 650 | _aPolitics - International Relations - | ||
| 651 | _aPolitical Science - | ||
| 700 | _aGyorgy, Andrew, ed. | ||
| 850 | _aLCLIB | ||
| 942 | _cBK | ||
| 999 |
_c1330 _d51809 |
||